Slováci chcú pred Vianocami nakupovať bez stresu

Najnovší prieskum ukazuje, že väčšina Slovákov vyhľadáva počas predvianočných nákupov pokojné a známe prostredie. Ľudia sa najčastejšie vracajú do predajní, kde sa dobre orientujú, a vyhýbajú sa situáciám, ktoré narúšajú ich tempo - ako preplnené priestory či zatvorené pokladne. Preferencie zákazník...

Descripción completa

Guardado en:
Detalles Bibliográficos
Autor principal: Alenová, Gabriela
Formato: Capítulo de libro
Lenguaje:eslovaco
Materias:
Etiquetas: Agregar Etiqueta
Sin Etiquetas, Sea el primero en etiquetar este registro!

MARC

LEADER 00000naa a2200000 4500
001 0313636
005 20251217102727.5
041 0 |a slo 
044 |a SK 
245 1 0 |a Slováci chcú pred Vianocami nakupovať bez stresu  |c Gabriela Alenová 
520 |a Najnovší prieskum ukazuje, že väčšina Slovákov vyhľadáva počas predvianočných nákupov pokojné a známe prostredie. Ľudia sa najčastejšie vracajú do predajní, kde sa dobre orientujú, a vyhýbajú sa situáciám, ktoré narúšajú ich tempo - ako preplnené priestory či zatvorené pokladne. Preferencie zákazníkov odhaľujú, čo im pomáha udržať si pohodu aj v najrušnejšom období roka. 
610 2 0 |a rozhodovanie nákupné 
610 2 0 |a správanie spotrebiteľa 
610 2 0 |a preferencie spotrebiteľské 
610 2 0 |a sviatok štátny 
610 2 0 |a stresy 
100 1 |a Alenová, Gabriela